Czy pamiętasz te klasyczne bajki? - Statystyki

Ogólne statystyki
  • Ten quiz został rozwiązany 296 razy
    291 od ostatniego zresetowania
  • Średni wynik to 11 z 18
Statystyki odpowiedzi
Podpowiedź Odpowiedź % Poprawnych
Na dobranoc, dobry wieczór, miś pluszowy śpiewa wam... Miś Uszatek
88%
Dwóch piegowatych chłopców przeżywa swoje przygody. Czasem towarzyszy im ruda przyjaciółka Bolek i Lolek
85%
Magiczny skrzat podarowuje chłopcu ołówek który zmienia wszystko Zaczarowany ołówek
81%
Zbigniew Wodecki napisał piosenkę z której ta bajka jest znana Pszczółka Maja
78%
Psiak w raz ze swoimi przyjaciółmi przeżywa niecodzienne i codzienne wydarzenia Reksio
78%
Rezolutny niewielki bohater, pochodzący z Czech i mieszkający w ogrodzie Krecik
76%
Rozbójnik mieszkający w jaskini w raz z żoną i synkiem Rumcajs
76%
Mały kociak poznaje świat w towarzystwie starszego kocura Przygody kota Filemona
75%
Ta bajka to prawdziwie uniwersalny dokument na temat fachowców Sąsiedzi
63%
Najbardziej pechowy polski podróżnik który wciążnie może trafić do swojego celu Dziwne przygody Koziołka Matołka
61%
Dwa skrzaty, przeżywają różne przygody. Mają do siebie odniesienie w kultowym filmie o zielonym ogrze Bajki z mchu i paproci
55%
Smok wawelski i jego kucharz poszukują porwanego uczonego. Przeszkadza im niecny szpieg Porwanie Baltazara Gąbki
54%
Radziecka kreskówka, bardzo inspirowana amerykańską serią o kocie i myszy Wilk i zając
50%
Pewna postać mroziła krew w żyłach u większości dzieci, ale także swoje otoczenie Muminki
46%
Czerwony nos i żaba to charakterystyczne elementy tego kukiełkowego programu Kulfon, co z Ciebie wyrośnie?
34%
Młody ale bardzo zdolny technicznie chłopak pomaga dziadkowi Pomysłowy Dobromir
33%
Dwa znane gryzonie tworzą specjalną grupę i rozwiązują zagadki oraz walczą z kotami i pewnym złym naukowcem Chip i Dale: Brygada RR
27%
Niezbyt przebiegły, wąsaty myśliwy co odcinek poluje na inne zwierzę, z niezbyt dobrym skutkiem. Pampalini łowca zwierząt
9%
Nie znaleziono quizów pasujących do podanych kryteriów
Rozkład punktacji
Procent ludzi z każdym wynikiem
Percentyl według liczby udzielonych odpowiedzi
Twoja historia wyników
Nie rozwiązałeś tego quizu od ostatniego zresetowania